[Event "FRA-chT"]
[Site "FRA"]
[Date "1996.??.??"]
[Round "?"]
[White "Capit, Francois"]
[Black "Conquest, Stuart"]
[Result "0-1"]
[WhiteElo "2195"]
[BlackElo "2585"]
[PlyCount "72"]
[EventDate "1996.??.??"]
[Source "ChessBase"]

1. d4 f5 2. g3 Nf6 3. Bg2 e6 4. Nf3 Be7 5. O-O O-O 6. c4 c6 7. b3 Na6 8. Ba3
Bxa3 9. Nxa3 d6 10. Qc2 Qe7 11. Qb2 Re8 12. b4 e5 13. dxe5 dxe5 14. c5 e4 15.
Nd4 Nd5 16. Nc4 Naxb4 17. Nd6 Rf8 18. Rab1 b6 19. a3 bxc5 20. Nxc8 Raxc8 21.
axb4 cxd4 22. Qxd4 Rfd8 23. f3 exf3 24. Rxf3 Rc7 25. Rd3 Kh8 26. e4 fxe4 27.
Bxe4 Rcd7 28. Qc4 Rd6 29. Rf3 Re6 30. Rbf1 h6 31. Bb1 Ne3 32. Rxe3 Rxe3 33. Qc2
Red3 34. Qxc6 Rd1 35. Qc2 Qe3+ 36. Kg2 R1d2+ 0-1

[Event "FRA-chT"]
[Site "FRA"]
[Date "1996.??.??"]
[Round "?"]
[White "Capit, Francois"]
[Black "Vaugeois, Stephane"]
[Result "1-0"]
[WhiteElo "2195"]
[BlackElo "2160"]
[PlyCount "57"]
[EventDate "1996.??.??"]
[Source "ChessBase"]

1. d4 Nf6 2. c4 e5 3. dxe5 Ng4 4. Nf3 Bc5 5. e3 Nc6 6. a3 a5 7. b3 O-O 8. Bb2
Re8 9. Be2 Ngxe5 10. O-O Nxf3+ 11. gxf3 Re6 12. Nd2 Qh4 13. f4 Rh6 14. Nf3 Qh3
15. Kh1 d6 16. Rg1 Bg4 17. Rg2 Rg6 18. Ng5 Bxe2 19. Qxe2 Qf5 20. Rag1 Re8 21.
Qh5 h6 22. Qh3 Qc2 23. f3 Qxb3 24. Nxf7 Rxg2 25. Nxh6+ Kf8 26. Bxg7+ Ke7 27.
Nf5+ Kd8 28. Bf6+ Ne7 29. Qxg2 1-0

[Event "FRA-chT"]
[Site "FRA"]
[Date "1996.??.??"]
[Round "?"]
[White "Chabanon, Jean Luc"]
[Black "Bleunven, Andre"]
[Result "1-0"]
[WhiteElo "2435"]
[BlackElo "2240"]
[PlyCount "53"]
[EventDate "1996.??.??"]
[Source "ChessBase"]

1. c4 Nf6 2. Nc3 e6 3. e4 d5 4. e5 d4 5. exf6 dxc3 6. bxc3 Qxf6 7. d4 e5 8. Nf3
exd4 9. Bg5 Qe6+ 10. Be2 Be7 11. cxd4 O-O 12. O-O Bxg5 13. Nxg5 Qf6 14. Ne4 Qh6
15. Bf3 Nc6 16. Nc3 Bf5 17. Nd5 Qd6 18. Re1 Kh8 19. Re3 Rad8 20. Qd2 Be6 21.
Rae1 b6 22. h3 Na5 23. Qc3 c6 24. c5 Qb8 25. Nb4 Qc7 26. Re5 b5 27. Na6 1-0

[Event "FRA-chT"]
[Site "FRA"]
[Date "1996.??.??"]
[Round "?"]
[White "Chabanon, Jean Luc"]
[Black "Guidez, Yann Michel"]
[Result "1-0"]
[WhiteElo "2435"]
[BlackElo "2235"]
[PlyCount "71"]
[EventDate "1996.??.??"]
[Source "ChessBase"]

1. c4 c6 2. Nf3 Nf6 3. d4 d5 4. Nc3 e6 5. e3 Nbd7 6. Qc2 b6 7. cxd5 exd5 8. Bd3
Be7 9. O-O O-O 10. Rb1 c5 11. b3 Bb7 12. Bb2 Rc8 13. Rfd1 Re8 14. dxc5 bxc5 15.
Ne2 Qb6 16. Ng3 g6 17. Qd2 Bf8 18. Be2 Bh6 19. b4 c4 20. Bd4 Qa6 21. b5 Qa3 22.
Rdc1 Ra8 23. Qc3 Qxc3 24. Rxc3 Bg7 25. Nd2 Nb6 26. Bd1 Nfd7 27. Bxg7 Kxg7 28.
Ra3 Nc5 29. Ne2 Rec8 30. Nc3 Rc7 31. Nf3 Ne6 32. Bc2 Rc5 33. Kf1 Nd7 34. Rd1 a6
35. bxa6 Nf6 36. axb7 1-0

[Event "FRA-chT"]
[Site "FRA"]
[Date "1996.??.??"]
[Round "?"]
[White "Chabanon, Jean Luc"]
[Black "Mensch, Etienne"]
[Result "1/2-1/2"]
[WhiteElo "2435"]
[BlackElo "2270"]
[PlyCount "109"]
[EventDate "1996.??.??"]
[Source "ChessBase"]

1. c4 Nf6 2. Nc3 d6 3. g3 e5 4. Bg2 Be7 5. d3 O-O 6. Nf3 Nbd7 7. O-O a5 8. b3
Ne8 9. e4 c6 10. Be3 g6 11. d4 Ng7 12. Qc2 Qc7 13. Rad1 Re8 14. Na4 exd4 15.
Bxd4 Ne6 16. Bb2 Bf6 17. Ba3 Ndc5 18. e5 Be7 19. exd6 Bxd6 20. Rfe1 Rd8 21.
Nxc5 Bxc5 22. Bb2 Rxd1 23. Rxd1 Bf8 24. Nd2 Ng7 25. Ne4 Ne8 26. Qd2 Bf5 27. Ng5
Bg7 28. Bxg7 Nxg7 29. c5 Ne6 30. Nxe6 Bxe6 31. Qe3 a4 32. h4 Rd8 33. Rd4 Rxd4
34. Qxd4 axb3 35. axb3 h5 36. b4 Qe7 37. Be4 Bg4 38. f3 Be6 39. Kf2 Qc7 40. f4
Bg4 41. Ke3 Qe7 42. Qd6 Qe8 43. Qe5 Qa8 44. Bd3 Qa3 45. Qe8+ Kg7 46. Qe5+ Kh7
47. Kd2 Qxb4+ 48. Qc3 Qa4 49. Bc2 Qa6 50. Qf6 Qe2+ 51. Kc3 Qe1+ 52. Kb2 Qb4+
53. Kc1 Qc4 54. Kb2 Qb4+ 55. Kc1 1/2-1/2

[Event "FRA-chT"]
[Site "FRA"]
[Date "1996.??.??"]
[Round "?"]
[White "Chabanon, Jean Luc"]
[Black "Summerscale, Aaron"]
[Result "1/2-1/2"]
[WhiteElo "2435"]
[BlackElo "2500"]
[PlyCount "125"]
[EventDate "1996.??.??"]
[Source "ChessBase"]

1. c4 c6 2. Nf3 d5 3. d4 e6 4. Nbd2 Nf6 5. g3 Be7 6. Bg2 Nbd7 7. O-O O-O 8. Qc2
b6 9. e4 Bb7 10. Rd1 Rc8 11. e5 Ne8 12. Nf1 c5 13. Ne3 cxd4 14. Rxd4 Qc7 15.
Qd1 Bc5 16. Rh4 Nxe5 17. Nxe5 Qxe5 18. cxd5 exd5 19. Rh5 f5 20. Bxd5+ Bxd5 21.
Qxd5+ Qxd5 22. Nxd5 Rd8 23. Nc3 Be7 24. Be3 g6 25. Rh3 Nf6 26. Bg5 Rd7 27. Rh4
Bc5 28. Kg2 Ng4 29. h3 h6 30. hxg4 hxg5 31. Rh6 Rd2 32. Rxg6+ Kf7 33. Rxg5
Rxf2+ 34. Kh3 Rh8+ 35. Rh5 fxg4+ 36. Kxg4 Rxh5 37. Kxh5 Rxb2 38. Rf1+ Kg7 39.
Rd1 Rc2 40. Rd7+ Kf8 41. Ne4 Rxa2 42. Nf6 Be7 43. Nd5 Re2 44. Nf4 Re5+ 45. Kg4
Ke8 46. Rxa7 b5 47. Rb7 b4 48. Kf3 Bc5 49. g4 Re3+ 50. Kg2 b3 51. Nd5 Rd3 52.
Nc7+ Kd7 53. Na6+ Kc6 54. Nxc5 Kxc5 55. g5 Kc4 56. g6 Kc3 57. g7 Rd8 58. Kf3 b2
59. Kf4 Rg8 60. Rc7+ Kd3 61. Rd7+ Kc4 62. Rb7 Kc3 63. Rc7+ 1/2-1/2

[Event "FRA-chT"]
[Site "FRA"]
[Date "1996.??.??"]
[Round "?"]
[White "Chagnaud, Thomas"]
[Black "Mailfert, Jean Pierre"]
[Result "1/2-1/2"]
[WhiteElo "2190"]
[BlackElo "2140"]
[PlyCount "34"]
[EventDate "1996.??.??"]
[Source "ChessBase"]

1. e4 c5 2. Nf3 Nc6 3. d4 cxd4 4. Nxd4 g6 5. Be3 Bg7 6. Nc3 Nf6 7. Bc4 O-O 8.
Bb3 a5 9. a4 Ng4 10. Qxg4 Nxd4 11. Bxd4 Bxd4 12. Qg3 e6 13. Rd1 Qf6 14. Rd3 b6
15. O-O Ba6 16. Rf3 Qg7 17. Re1 Be5 1/2-1/2

[Event "FRA-chT"]
[Site "FRA"]
[Date "1996.??.??"]
[Round "?"]
[White "Chaury, Fabien"]
[Black "Chagnaud, Thomas"]
[Result "1-0"]
[WhiteElo "2240"]
[BlackElo "2190"]
[PlyCount "63"]
[EventDate "1996.??.??"]
[Source "ChessBase"]

1. d4 Nf6 2. c4 g6 3. Nf3 Bg7 4. Nc3 O-O 5. e4 d6 6. Be2 e5 7. O-O Nc6 8. d5
Ne7 9. Ne1 Nd7 10. Be3 f5 11. f3 f4 12. Bf2 h5 13. Nb5 a6 14. Na7 Rxa7 15. Bxa7
b6 16. b4 Bb7 17. c5 dxc5 18. Rc1 Nc8 19. bxc5 Nxc5 20. Rxc5 bxc5 21. Bxc5 Nd6
22. Qa4 Qe8 23. Qb4 Qd7 24. Nd3 Ra8 25. Bf2 Qb5 26. Qa3 Qe8 27. Nc5 Bc8 28. Qa5
Qd8 29. Rc1 Bf8 30. Ne6 Bxe6 31. dxe6 Qf6 32. Qd5 1-0

[Event "FRA-chT"]
[Site "FRA"]
[Date "1996.??.??"]
[Round "?"]
[White "Chaury, Fabien"]
[Black "Marcantoni, Herve"]
[Result "1/2-1/2"]
[WhiteElo "2240"]
[BlackElo "2255"]
[PlyCount "185"]
[EventDate "1996.??.??"]
[Source "ChessBase"]

1. d4 Nf6 2. c4 g6 3. Nc3 Bg7 4. e4 d6 5. Nf3 O-O 6. Be2 e5 7. dxe5 dxe5 8.
Qxd8 Rxd8 9. Bg5 Rf8 10. Nd5 Nxd5 11. cxd5 c6 12. Bc4 b5 13. Bb3 a5 14. a3 Bb7
15. dxc6 Bxc6 16. Nd2 Na6 17. Rc1 Rfc8 18. O-O h6 19. Be3 a4 20. Ba2 Bb7 21. b4
axb3 22. Bxb3 Bf8 23. a4 bxa4 24. Bxa4 Nc5 25. Bb5 Nxe4 26. Nxe4 Bxe4 27. Rxc8
Rxc8 28. Rc1 Rxc1+ 29. Bxc1 Bd5 30. Bd3 f5 31. f3 Bc5+ 32. Kf1 Kg7 33. Ke2 Bd4
34. Bd2 h5 35. g3 Kf6 36. Be3 g5 37. f4 gxf4 38. gxf4 Bb2 39. Bb5 Bf7 40. h4
exf4 41. Bxf4 Bd4 42. Bd3 Be8 43. Bc4 Bc5 44. Bd3 Kg6 45. Kf3 Bc6+ 46. Kg3 Bb4
47. Kf2 Bc3 48. Be2 Be8 49. Bc4 Kf6 50. Bd3 Bc6 51. Be2 Kg6 52. Bc4 Ba4 53. Be2
Bb3 54. Bf3 Bc4 55. Bd1 Bb4 56. Bf3 Bb5 57. Bd1 Bc5+ 58. Kg3 Bc4 59. Bf3 Bf1
60. Bd1 Bb4 61. Ba4 Be2 62. Kf2 Bg4 63. Bg5 Kf7 64. Bb3+ Kg7 65. Ke3 Bc3 66.
Bd5 Bb2 67. Kd2 Bf6 68. Ke3 Be5 69. Bc4 Bb2 70. Kd2 Kg6 71. Bb5 Kf7 72. Bc4+
Kg6 73. Bb5 Kf7 74. Bc4+ Kg7 75. Bd5 Bd4 76. Kd3 Bc5 77. Kd2 Bf2 78. Bc4 Kf8
79. Bb5 Kf7 80. Bc4+ Ke8 81. Bb5+ Kf8 82. Bc4 Bd4 83. Kd3 Be5 84. Ke3 Kg7 85.
Bd5 Bc3 86. Kd3 Bb2 87. Kd2 Bh3 88. Bf3 Bg4 89. Bd5 Kg6 90. Bc6 Bf6 91. Be8+
Kg7 92. Ke3 Bb2 93. Kd2 1/2-1/2

[Event "FRA-chT"]
[Site "FRA"]
[Date "1996.??.??"]
[Round "?"]
[White "Chevallier, Didier"]
[Black "Chaury, Fabien"]
[Result "1-0"]
[WhiteElo "2300"]
[BlackElo "2240"]
[PlyCount "101"]
[EventDate "1996.??.??"]
[Source "ChessBase"]

1. e4 c6 2. d4 d5 3. e5 c5 4. dxc5 Nc6 5. Bb5 e6 6. Be3 Nge7 7. c3 Bd7 8. Bxc6
Bxc6 9. Nf3 Nf5 10. Bd4 Nxd4 11. Qxd4 a5 12. a4 Qe7 13. b4 axb4 14. cxb4 Rxa4
15. Rxa4 Bxa4 16. Nc3 Bd7 17. O-O Qd8 18. Qg4 b6 19. cxb6 Qxb6 20. Ra1 Qc7 21.
Ne2 h5 22. Qg5 Qd8 23. Qxd8+ Kxd8 24. Ra8+ Bc8 25. Ng5 Kc7 26. Nxf7 Rg8 27. Ra4
Kb8 28. Nd4 Bd7 29. Ra3 Be7 30. Rc3 Rc8 31. Rxc8+ Kxc8 32. Nd6+ Kc7 33. f4 Bxd6
34. exd6+ Kxd6 35. Kf2 e5 36. fxe5+ Kxe5 37. Ke3 Ba4 38. h4 Bd7 39. g3 g6 40.
Nf3+ Kf5 41. Kd4 Ba4 42. Ne5 g5 43. hxg5 Kxg5 44. Kxd5 h4 45. Nf3+ Kg4 46. gxh4
Bd1 47. Ne5+ Kxh4 48. b5 Be2 49. b6 Ba6 50. Kc6 Kg5 51. Kc7 1-0

[Event "FRA-chT"]
[Site "FRA"]
[Date "1996.??.??"]
[Round "?"]
[White "Chevallier, Didier"]
[Black "Ribreau, Herve"]
[Result "1-0"]
[WhiteElo "2300"]
[BlackElo "2180"]
[PlyCount "75"]
[EventDate "1996.??.??"]
[Source "ChessBase"]

1. d4 Nc6 2. e4 e5 3. dxe5 Bc5 4. Nf3 Nge7 5. Bc4 O-O 6. Bg5 h6 7. Bh4 Qe8 8.
Bg3 Ng6 9. Qd5 d6 10. exd6 cxd6 11. a3 Be6 12. Qd3 f5 13. Qb3 Bxc4 14. Qxc4+
Kh8 15. Nbd2 f4 16. Bh4 Nge5 17. Qc3 Nxf3+ 18. Nxf3 Qxe4+ 19. Kd2 Qd5+ 20. Kc1
Rfe8 21. Rd1 Qf5 22. b4 Bb6 23. Rxd6 Ne5 24. Nxe5 Rxe5 25. g4 fxg3 26. Bxg3 Rc8
27. Rxh6+ Kg8 28. Qb3+ Rd5 29. Rd6 Rd8 30. Qxd5+ Qxd5 31. Rxd5 Rxd5 32. c4 Rf5
33. Kc2 Rf3 34. Rd1 a5 35. c5 Ba7 36. Rd3 Rf7 37. Kb3 b6 38. c6 1-0

[Event "FRA-chT"]
[Site "FRA"]
[Date "1996.??.??"]
[Round "?"]
[White "Chevallier, Didier"]
[Black "Roos, Daniel"]
[Result "0-1"]
[WhiteElo "2300"]
[BlackElo "2420"]
[PlyCount "138"]
[EventDate "1996.??.??"]
[Source "ChessBase"]

1. e4 c6 2. d4 d5 3. e5 Bf5 4. Nf3 e6 5. Be2 Ne7 6. O-O Nd7 7. Nbd2 a6 8. Nh4
Bg6 9. c3 c5 10. Nxg6 hxg6 11. Nf3 Nc6 12. Be3 Be7 13. g3 Rc8 14. h4 Qb6 15.
Rb1 cxd4 16. cxd4 a5 17. Kg2 Ra8 18. a3 a4 19. b4 axb3 20. Rxb3 Qc7 21. Qb1 Ra7
22. a4 O-O 23. Rc1 Rc8 24. Bb5 Qd8 25. Rbc3 Nb6 26. Qc2 Rca8 27. Bg5 Nxa4 28.
Rb3 Bxg5 29. hxg5 Nb6 30. Bxc6 bxc6 31. Qxc6 Nc4 32. Qb5 Ra2 33. Rbc3 Rb8 34.
Qc5 Ra5 35. Qc6 Rb6 36. Rxc4 dxc4 37. Qxc4 Rb2 38. Qc8 Ra8 39. Qxd8+ Rxd8 40.
Rd1 Kf8 41. Ne1 Re2 42. Kf3 Rxe5 43. dxe5 Rxd1 44. Ng2 Ke7 45. Ne3 Rd2 46. Nc4
Rc2 47. Ne3 Ra2 48. Ng4 Kd7 49. Kg2 Kc6 50. Kh3 Kd5 51. f3 Re2 52. f4 Ke4 53.
Nh2 Rf2 54. Ng4 Ra2 55. Nh2 Ke3 56. Ng4+ Kf3 57. Nh2+ Kf2 58. Ng4+ Kg1 59. Ne3
Ra1 60. Ng4 Ra8 61. Ne3 Rd8 62. Nc4 Kf2 63. Nd6 Kf3 64. Nxf7 Rf8 65. Nh6 gxh6
66. gxh6 Rf5 67. g4 Rxf4 68. h7 Rf8 69. Kh4 Kf4 0-1

[Event "FRA-chT"]
[Site "FRA"]
[Date "1996.??.??"]
[Round "?"]
[White "Chomet, Pascal"]
[Black "Berend, Fred"]
[Result "0-1"]
[WhiteElo "2385"]
[BlackElo "2425"]
[PlyCount "104"]
[EventDate "1996.??.??"]
[Source "ChessBase"]

1. e4 c5 2. Nf3 e6 3. d4 cxd4 4. Nxd4 Nc6 5. Nc3 a6 6. Nxc6 bxc6 7. Bd3 d5 8.
O-O Nf6 9. Qe2 Be7 10. b3 O-O 11. Bb2 Bb7 12. Rad1 Qc7 13. Na4 c5 14. exd5 Nxd5
15. Be5 Qc6 16. f4 f6 17. Qh5 Nxf4 18. Qxh7+ Kf7 19. Rd2 Rh8 20. Qe4 Nh3+ 21.
gxh3 Qxe4 22. Bxe4 Bxe4 23. Bd6 Rh5 24. Bxe7 Rg5+ 25. Kf2 Kxe7 26. Rg1 Rxg1 27.
Kxg1 Rc8 28. c4 g5 29. Kf2 f5 30. Kg3 f4+ 31. Kg4 Kf6 32. h4 Bf5+ 33. Kf3 e5
34. hxg5+ Kxg5 35. h4+ Kxh4 36. Rd5 Bg4+ 37. Ke4 Kg3 38. Rd6 Rf8 39. Nxc5 Bf5+
40. Kxe5 f3 41. Nd3 Bxd3 42. Rxd3 Re8+ 43. Kf5 Kg2 44. c5 f2 45. Rd2 Kf3 46.
Rd1 Re1 47. Rd4 Re8 48. Rf4+ Ke3 49. Rxf2 Kxf2 50. b4 Ke3 51. a4 Kd4 52. c6 Kc4
0-1

[Event "FRA-chT"]
[Site "FRA"]
[Date "1996.??.??"]
[Round "?"]
[White "Chomet, Pascal"]
[Black "Tersarkissoff, Jean Jacques"]
[Result "1-0"]
[WhiteElo "2385"]
[BlackElo "2140"]
[PlyCount "71"]
[EventDate "1996.??.??"]
[Source "ChessBase"]

1. e4 e5 2. Nf3 Nc6 3. Bc4 Nf6 4. d3 Bc5 5. O-O d6 6. c3 O-O 7. Nbd2 a6 8. Bb3
b5 9. Re1 Bb6 10. Nf1 Ng4 11. d4 Be6 12. h3 Bxb3 13. axb3 Nf6 14. Bg5 Qb8 15.
Bxf6 gxf6 16. Ng3 Kh8 17. Nf5 Rg8 18. d5 Nd8 19. Qd2 Rg6 20. Ne7 Nb7 21. Nxg6+
fxg6 22. b4 Nd8 23. Ra3 Kg7 24. Nh2 Nf7 25. Kh1 Qa7 26. Re2 h5 27. Ra1 g5 28.
g3 Rh8 29. h4 Qb7 30. f4 Qc8 31. fxg5 fxg5 32. Rf1 Qh3 33. Rg2 Rh7 34. hxg5 Rh8
35. Qe2 Kg6 36. Qf3 1-0

[Event "FRA-chT"]
[Site "FRA"]
[Date "1996.??.??"]
[Round "?"]
[White "Claverie, Christophe"]
[Black "Eusebe, Aurelien"]
[Result "1-0"]
[WhiteElo "2250"]
[BlackElo "2145"]
[PlyCount "51"]
[EventDate "1996.??.??"]
[Source "ChessBase"]

1. d4 Nf6 2. c4 c5 3. d5 a6 4. f3 e6 5. e4 d6 6. a4 exd5 7. cxd5 Nbd7 8. Nc3 g6
9. Bd3 Bg7 10. Nge2 O-O 11. O-O Nh5 12. g4 Nhf6 13. Ng3 Ne5 14. Be2 h6 15. f4
Nfxg4 16. fxe5 Nxh2 17. Rf2 Qh4 18. Rxh2 Qxg3+ 19. Rg2 Qh4 20. Be3 Bxe5 21. Bf2
Qf6 22. Qd3 Re8 23. Rf1 c4 24. Qe3 Bxc3 25. bxc3 Qe5 26. Qxh6 1-0

[Event "FRA-chT"]
[Site "FRA"]
[Date "1996.??.??"]
[Round "?"]
[White "Claverie, Christophe"]
[Black "Garcia, Olivier"]
[Result "0-1"]
[WhiteElo "2250"]
[BlackElo "2250"]
[PlyCount "72"]
[EventDate "1996.??.??"]
[Source "ChessBase"]

1. d4 g6 2. c4 Bg7 3. Nc3 d6 4. e4 Nd7 5. f3 e5 6. d5 Ne7 7. Bd3 f5 8. Nge2 Nf6
9. Bg5 h6 10. Be3 c6 11. Qb3 O-O 12. dxc6 bxc6 13. Rd1 Be6 14. Qa3 fxe4 15.
Nxe4 Nf5 16. Nc5 Bc8 17. Bf2 Nd4 18. Nxd4 exd4 19. Ne4 c5 20. b4 Bb7 21. Nxf6+
Qxf6 22. O-O cxb4 23. Qxb4 Bc6 24. c5 Qg5 25. a4 Qf4 26. cxd6 Be5 27. Rfe1
Qxh2+ 28. Kf1 Qh1+ 29. Ke2 Bxf3+ 30. gxf3 Qxf3+ 31. Kd2 Qxf2+ 32. Re2 Qf4+ 33.
Kc2 Rac8+ 34. Bc4+ Kh8 35. d7 d3+ 36. Kb3 Rxc4 0-1

[Event "FRA-chT"]
[Site "FRA"]
[Date "1996.??.??"]
[Round "?"]
[White "Claverie, Christophe"]
[Black "Renet, Olivier"]
[Result "0-1"]
[WhiteElo "2250"]
[BlackElo "2505"]
[PlyCount "60"]
[EventDate "1996.??.??"]
[Source "ChessBase"]

1. Nf3 Nf6 2. g3 g6 3. c4 Bg7 4. Bg2 O-O 5. O-O d6 6. Nc3 Nc6 7. Rb1 d5 8. Nxd5
Nxd5 9. cxd5 Qxd5 10. b3 Bf5 11. d3 Qd7 12. Bb2 e5 13. Rc1 Rab8 14. Qc2 Rfe8
15. Nh4 Bg4 16. Bxc6 bxc6 17. Qxc6 Qxc6 18. Rxc6 Bxe2 19. Rfc1 a5 20. Bc3 Ra8
21. Rxc7 Bxd3 22. Re1 a4 23. Nf3 f6 24. Rd1 Bf5 25. b4 Bg4 26. b5 Bxf3 27. Rdd7
Bf8 28. b6 Rab8 29. Bb4 Rxb6 30. a3 Rc6 0-1

[Event "FRA-chT"]
[Site "FRA"]
[Date "1996.??.??"]
[Round "?"]
[White "Clement, Olivier"]
[Black "Chaury, Fabien"]
[Result "0-1"]
[WhiteElo "2230"]
[BlackElo "2240"]
[PlyCount "88"]
[EventDate "1996.??.??"]
[Source "ChessBase"]

1. e4 c6 2. d4 d5 3. e5 c5 4. dxc5 Nc6 5. Bb5 e6 6. Be3 Bd7 7. Bxc6 Bxc6 8. Nf3
Ne7 9. O-O Nf5 10. Bd4 Nxd4 11. Qxd4 a5 12. c3 a4 13. Nbd2 Qa5 14. b4 axb3 15.
axb3 Qxa1 16. Rxa1 Rxa1+ 17. Nf1 Be7 18. g3 O-O 19. Kg2 f6 20. Ne3 Ra2 21. Qg4
Bxc5 22. Qxe6+ Kh8 23. Nd4 fxe5 24. Qxe5 Rfxf2+ 25. Kh3 Rf6 26. Nxc6 bxc6 27.
Ng4 Rf8 28. Qc7 Bg1 29. Qe7 Rfa8 30. Kh4 d4 31. cxd4 Bxd4 32. Qb7 c5 33. h3
R2a7 34. Qd5 Rb8 35. Ne5 Bxe5 36. Qxe5 Rab7 37. Qxc5 Rb4+ 38. g4 Rxb3 39. Qc6
h6 40. Qc7 R8b7 41. Qe5 Kh7 42. Qf5+ g6 43. Qe4 Rc7 44. Qg2 Rcc3 0-1

[Event "FRA-chT"]
[Site "FRA"]
[Date "1996.??.??"]
[Round "?"]
[White "Collas, Didier"]
[Black "Denis, Laurent"]
[Result "1-0"]
[WhiteElo "2360"]
[BlackElo "2235"]
[PlyCount "51"]
[EventDate "1996.??.??"]
[Source "ChessBase"]

1. e4 c5 2. Nf3 e6 3. d4 cxd4 4. Nxd4 a6 5. Bd3 Bc5 6. Nf3 Ne7 7. O-O Nbc6 8.
Re1 d6 9. Nbd2 O-O 10. a4 Ng6 11. c3 Nce5 12. Nxe5 Nxe5 13. Nc4 Qh4 14. g3 Qf6
15. Nxe5 Qxe5 16. Bf1 Bd7 17. Bf4 Qf6 18. e5 Qd8 19. exd6 Qb6 20. Qd2 Qb3 21.
a5 Bc6 22. Re5 Bd5 23. c4 f6 24. Rxd5 Bxf2+ 25. Kxf2 exd5 26. Ra3 1-0

[Event "FRA-chT"]
[Site "FRA"]
[Date "1996.??.??"]
[Round "?"]
[White "Collas, Didier"]
[Black "Hagege, Gerard"]
[Result "1-0"]
[WhiteElo "2360"]
[BlackElo "2175"]
[PlyCount "113"]
[EventDate "1996.??.??"]
[Source "ChessBase"]

1. e4 c5 2. Nf3 e6 3. d4 cxd4 4. Nxd4 Nf6 5. Nc3 Nc6 6. Ndb5 d6 7. Bf4 e5 8.
Bg5 a6 9. Na3 b5 10. Nd5 Be7 11. Bxf6 Bxf6 12. c3 Bg5 13. Nc2 O-O 14. a4 bxa4
15. Rxa4 a5 16. Bc4 Rb8 17. Ra2 Be6 18. O-O Kh8 19. Nce3 g6 20. Kh1 f5 21. exf5
gxf5 22. f4 Bh6 23. Qh5 Bg7 24. h3 Bf7 25. Qe2 Be6 26. Ra4 Bd7 27. Raa1 Qe8 28.
Nc7 Qg6 29. Ned5 Qh6 30. Rad1 exf4 31. Nxf4 Be5 32. Be6 Rbc8 33. Bxd7 Rxc7 34.
Bxc6 Rxc6 35. Nd3 Bg7 36. Rxf5 Rxf5 37. Qe8+ Rf8 38. Qxc6 Qh5 39. Re1 Qg6 40.
Qe4 Qg5 41. Qe2 h6 42. Ra1 Rf5 43. Ra4 Qf6 44. Re4 Rf1+ 45. Kh2 d5 46. Re8+ Kh7
47. Re7 Kh8 48. Re3 Bf8 49. Re8 Kh7 50. g3 Bd6 51. Kg2 Rf5 52. Qe6 Qxe6 53.
Rxe6 Bb8 54. Rb6 Rf8 55. Rb7+ Kh8 56. Rb5 Rc8 57. g4 1-0

[Event "FRA-chT"]
[Site "FRA"]
[Date "1996.??.??"]
[Round "?"]
[White "Collas, Didier"]
[Black "Redon, Bruno"]
[Result "0-1"]
[WhiteElo "2360"]
[BlackElo "2220"]
[PlyCount "50"]
[EventDate "1996.??.??"]
[Source "ChessBase"]

1. e4 c5 2. Nf3 e6 3. d4 cxd4 4. Nxd4 Nf6 5. Nc3 Nc6 6. Ndb5 d6 7. Bf4 e5 8.
Bg5 a6 9. Na3 b5 10. Nd5 Qa5+ 11. Bd2 Qd8 12. Nxf6+ Qxf6 13. c4 Qg6 14. f3 Be7
15. Be3 O-O 16. Qd2 d5 17. cxd5 Bb4 18. dxc6 Bxd2+ 19. Bxd2 Qxc6 20. Bc3 Be6
21. Nc2 a5 22. Ne3 Qc5 23. Kf2 b4 24. Bd2 Rfd8 25. Bc1 Rd1 0-1

[Event "FRA-chT"]
[Site "FRA"]
[Date "1996.??.??"]
[Round "?"]
[White "Collas, Didier"]
[Black "Rocher, Oliver"]
[Result "1/2-1/2"]
[WhiteElo "2360"]
[BlackElo "2215"]
[PlyCount "116"]
[EventDate "1996.??.??"]
[Source "ChessBase"]

1. e4 Nf6 2. Nc3 d5 3. e5 Nfd7 4. d4 c5 5. Nxd5 cxd4 6. e6 Qa5+ 7. c3 Qxd5 8.
exd7+ Bxd7 9. Nf3 Nc6 10. cxd4 Bg4 11. Be2 e5 12. dxe5 Bb4+ 13. Bd2 Bxf3 14.
gxf3 Bxd2+ 15. Qxd2 Qxd2+ 16. Kxd2 O-O-O+ 17. Kc3 Nxe5 18. Rhg1 g6 19. f4 Nc6
20. f5 Rhe8 21. Bd3 Re5 22. Rad1 Rc5+ 23. Kb3 Rcd5 24. Kc3 Ne5 25. Be2 Rc5+ 26.
Kb3 Nc6 27. fxg6 hxg6 28. Bg4+ f5 29. Rxd8+ Kxd8 30. Bf3 Ne5 31. Be2 Rc6 32.
Re1 Ng4 33. f3 Nf6 34. Bc4 Nh5 35. a4 Nf4 36. a5 a6 37. Rd1+ Kc7 38. Rd4 Ne6
39. Rh4 Nc5+ 40. Kb4 Kd6 41. Rd4+ Ke7 42. Rd5 Nd7 43. h4 b5 44. axb6 Nxb6 45.
Rc5 a5+ 46. Kb5 Rxc5+ 47. Kxc5 Na4+ 48. Kb5 Nxb2 49. Be2 Kd6 50. f4 a4 51. Kb4
Kd5 52. Ka3 Nc4+ 53. Kxa4 Nb6+ 54. Kb5 Nd7 55. h5 gxh5 56. Bxh5 Ke4 57. Bg6
Kxf4 58. Bxf5 Kxf5 1/2-1/2

[Event "FRA-chT"]
[Site "FRA"]
[Date "1996.??.??"]
[Round "?"]
[White "Collas, Didier"]
[Black "Wolrich, Charles"]
[Result "1-0"]
[WhiteElo "2360"]
[BlackElo "2090"]
[PlyCount "69"]
[EventDate "1996.??.??"]
[Source "ChessBase"]

1. e4 e6 2. d4 d5 3. Nc3 Bb4 4. e5 Qd7 5. Bd2 b6 6. Bb5 c6 7. Ba4 Ne7 8. Nce2
Bxd2+ 9. Qxd2 Ba6 10. c3 Bb5 11. Bc2 c5 12. Nf3 Nbc6 13. O-O cxd4 14. cxd4 Bxe2
15. Qxe2 Nb4 16. Bb1 Rc8 17. a3 Nbc6 18. Bd3 Na5 19. Bb5 Nac6 20. Rac1 O-O 21.
Rc3 Qd8 22. Ba6 Rb8 23. Rfc1 Na5 24. b4 Nc4 25. Bxc4 dxc4 26. Rxc4 Nd5 27. g3
Qd7 28. Ng5 h6 29. Ne4 Rbc8 30. Nd6 Rxc4 31. Qxc4 Qa4 32. Qd3 a5 33. b5 Rd8 34.
Rc4 Rxd6 35. Rc8+ 1-0

[Event "FRA-chT"]
[Site "FRA"]
[Date "1996.??.??"]
[Round "?"]
[White "Conquest, Stuart"]
[Black "Chomet, Pascal"]
[Result "0-1"]
[WhiteElo "2585"]
[BlackElo "2385"]
[PlyCount "102"]
[EventDate "1996.??.??"]
[Source "ChessBase"]

1. e4 c5 2. Nf3 d6 3. d4 Nf6 4. Nc3 cxd4 5. Nxd4 e6 6. f4 a6 7. Qf3 Qc7 8. g4
Nc6 9. Nxc6 bxc6 10. g5 Nd7 11. b3 d5 12. Bb2 d4 13. Ne2 Bb4+ 14. c3 dxc3 15.
Bxc3 a5 16. Rc1 O-O 17. Bg2 Qb6 18. Qf2 Bc5 19. Bd4 Bxd4 20. Qxd4 c5 21. Qe3 a4
22. O-O axb3 23. axb3 Ra3 24. Rc3 Ba6 25. Rd1 Bb5 26. e5 Bxe2 27. Rxd7 Ra1+ 28.
Kf2 Ra2 29. Kg3 Rb2 30. Rd2 Rxd2 31. Qxd2 Qb4 32. Qe3 Rc8 33. Be4 g6 34. h4 Kg7
35. Rc1 Bh5 36. Rc4 Qb5 37. Bc2 Qb7 38. Qe4 Qe7 39. Ra4 Qd7 40. Qe3 Qd5 41. Ra1
Qd4 42. Re1 h6 43. Bd3 hxg5 44. hxg5 Qb2 45. Bc4 Rd8 46. Qxc5 Rd4 47. Rf1 Qd2
48. Qc6 Qe3+ 49. Kh4 Rxf4+ 50. Rxf4 Qxf4+ 51. Kh3 Bf3 0-1

[Event "FRA-chT"]
[Site "FRA"]
[Date "1996.??.??"]
[Round "?"]
[White "Conquest, Stuart"]
[Black "Coupet, Pascal"]
[Result "1-0"]
[WhiteElo "2585"]
[BlackElo "2295"]
[PlyCount "49"]
[EventDate "1996.??.??"]
[Source "ChessBase"]

1. Nf3 f5 2. b3 Nf6 3. Bb2 Nc6 4. g3 b6 5. Bg2 Bb7 6. O-O e6 7. d3 Be7 8. Nbd2
O-O 9. e4 g6 10. a3 Rf7 11. b4 a6 12. c4 Qf8 13. Qc2 Qh6 14. Rae1 Raf8 15. Qc3
Rg7 16. Re2 fxe4 17. dxe4 d6 18. e5 Ng4 19. h3 Ngxe5 20. Nxe5 dxe5 21. Bxc6
Bxc6 22. Qxe5 Rf6 23. Qxc7 e5 24. Qc8+ Kf7 25. Rxe5 1-0

[Event "FRA-chT"]
[Site "FRA"]
[Date "1996.??.??"]
[Round "?"]
[White "Conquest, Stuart"]
[Black "Mensch, Etienne"]
[Result "1-0"]
[WhiteElo "2585"]
[BlackElo "2270"]
[PlyCount "60"]
[EventDate "1996.??.??"]
[Source "ChessBase"]

1. d4 Nf6 2. c4 d6 3. Nc3 Nbd7 4. g3 e5 5. Bg2 Be7 6. e3 O-O 7. Nge2 c6 8. O-O
a5 9. b3 Qc7 10. Bb2 Re8 11. Qd2 Nf8 12. h3 h5 13. f4 exd4 14. Nxd4 N8d7 15. e4
Bf8 16. Rae1 Qb8 17. Re3 a4 18. Nxa4 d5 19. cxd5 cxd5 20. exd5 Rxe3 21. Qxe3 b5
22. Nc3 Bb7 23. a3 Bxa3 24. Bxa3 Rxa3 25. Nc6 Qa8 26. Ne7+ Kh8 27. Nxb5 Ra2 28.
Nd6 Rxg2+ 29. Kxg2 Bxd5+ 30. Kg1 Be6 1-0